000 00849nam a2200229 i 4500
001 147524
003 ES-MaACL
005 20230906202047.0
007 t|
008 071002s1983 sp ||||1| spa d
020 _a84-500-8631-0
080 _a352(8.03):061.3(8.03)"1982"
111 2 _aUnión de Ciudades Capitales Iberoamericanas.
_eAsamblea (
_nI.
_d1982.
_cMadrid)
_9172610
245 1 0 _aPrimera Asamblea de la Unión de Ciudades Capitales Iberoamericanas.
260 _aMadrid :
_b[Ayuntamiento de Madrid],
_c1983 (
_fArtes Gráf. Municipales)
300 _a93 p. ;
_c21 cm.
650 4 _aAdministración municipal-
_zAmérica Latina-
_vCongresos y asambleas.
_9172611
710 2 _aUnión de Ciudades Capitales Iberoamericanas.
_97007
710 1 _aMadrid.
_bAyuntamiento
_9234069
852 _aES-MaACL
_jL-6769
999 _c147524
_d147524